Discursos de medallas y antigüedades que compuso Martín de Gurrea y Aragón, duque de Villahermosa, conde de Ribagorza / (Record no. 76957)

MARC details
000 -LEADER
campo de control de longitud fija 01348nam a2200277 i 4500
001 - NÚMERO DE CONTROL
campo de control 76957
003 - IDENTIFICADOR DE NÚMERO DE CONTROL
campo de control ES-MaACL
005 - FECHA Y HORA DE LA ÚLTIMA TRANSACCIÓN
campo de control 20250907063049.0
007 - CAMPO FIJO DE DESCRIPCIÓN FÍSICA--INFORMACIÓN GENERAL
campo de control de longitud fija t|
008 - DATOS DE LONGITUD FIJA--INFORMACIÓN GENERAL
campo de control de longitud fija 041006s1903 sp f |||| |dspa d
080 ## - NÚMERO DE LA CLASIFICACIÓN DECIMAL UNIVERSAL
Número de la Clasificación Decimal Universal 737.2(460)
100 1# - ENTRADA PRINCIPAL--NOMBRE DE PERSONA
Nombre de persona Villahermosa, Martín de Aragón y Gurrea,
Títulos y otros términos asociados al nombre Duque de,
Fechas asociadas al nombre 1526-1582
9 (RLIN) 169920
245 10 - MENCIÓN DEL TÍTULO
Título Discursos de medallas y antigüedades que compuso Martín de Gurrea y Aragón, duque de Villahermosa, conde de Ribagorza /
Mención de responsabilidad, etc. sacados ahora a la luz por María del Carmen Aragón Azlor ; con una noticia de la vida y escritos del autor por José Ramón Mélida.
260 ## - PUBLICACIÓN, DISTRIBUCIÓN, ETC.
Lugar de publicación, distribución, etc. [S.l. :
Nombre del editor, distribuidor, etc. s.n.,
Fecha de publicación, distribución, etc. 1903] (
Lugar de fabricación/manufactura Madrid :
Fabricante Vda. e Hijos de M. Tello)
300 ## - DESCRIPCIÓN FÍSICA
Extensión CLI, 141 p., XVII h. de lám. ;
Dimensiones 31 cm.
530 ## - NOTA DISPONIBLE DE FORMULARIO FÍSICO ADICIONAL
Nota de formato físico adicional disponible Disponible en formato digital.
600 17 - PUNTO DE ACCESO ADICIONAL DE MATERIA--NOMBRE DE PERSONA
Nombre de persona Villahermosa, Martín de Aragón y Gurrea,
Títulos y otros términos asociados al nombre Duque de,
Fechas asociadas al nombre 1526-1582
Fuente del encabezamiento o término
9 (RLIN) 169920
650 #4 - PUNTO DE ACCESO ADICIONAL DE MATERIA--TÉRMINO DE MATERIA
Término de materia o nombre geográfico como elemento de entrada Monedas antiguas.
9 (RLIN) 164754
650 #7 - PUNTO DE ACCESO ADICIONAL DE MATERIA--TÉRMINO DE MATERIA
Término de materia o nombre geográfico como elemento de entrada Escultura antigua
Fuente del encabezamiento o término embne
9 (RLIN) 136050
700 1# - ENTRADA AGREGADA--NOMBRE PERSONAL
Nombre de persona Villahermosa, María del Carmen Aragón,
Títulos y otros términos asociados al nombre Duquesa de,
Fechas asociadas al nombre 1841-1905
9 (RLIN) 159352
700 1# - ENTRADA AGREGADA--NOMBRE PERSONAL
Nombre de persona Mélida y Alinari, José Ramón,
Fechas asociadas al nombre 1856-1933
9 (RLIN) 79969
852 ## - LOCALIZACIÓN
Ubicación ES-MaACL
Número de control de estantería G-6942
Ubicación en estantería Depósito 2
Nota libre Revisado enlace: 23 de julio de 2025
856 4# - LOCALIZACIÓN Y ACCESO ELECTRÓNICOS
Identificador Uniforme de Recursos <a href="http://bdh-rd.bne.es/viewer.vm?id=0000163043&page=1 ">http://bdh-rd.bne.es/viewer.vm?id=0000163043&page=1 </a>
Texto de enlace (Biblioteca Digital Hispánica)
942 ## - ELEMENTOS DE ENTRADA SECUNDARIOS (KOHA)
Fuente del sistema de clasificación o colocación Clasificación decimal universal
Holdings
Estatus retirado Estado de pérdida Estado de daño No para préstamo Colección Biblioteca de origen Biblioteca actual Ubicación en estantería Fecha de adquisición Fuente de adquisición Total de préstamos Signatura topográfica completa Código de barras Visto por última vez Precio de reemplazo Tipo de ítem Koha
        Colección digital Biblioteca del Ateneo de Madrid Biblioteca del Ateneo de Madrid Depósito 2 17/01/2008     G-6942 1080526 23/02/2023 23/02/2023 Libro impreso